<?xml version="1.0" encoding="UTF-8"?>
<collection xmlns="http://www.loc.gov/MARC21/slim">
 <record>
  <leader>00657nam a2200193   4500</leader>
  <controlfield tag="001">000015458</controlfield>
  <controlfield tag="003">11838</controlfield>
  <controlfield tag="005">20150812150802.0</controlfield>
  <controlfield tag="008">120529s                               sd</controlfield>
  <datafield tag="245" ind1="0" ind2="0">
   <subfield code="a">Đại cương lịch sử thế giới trung đại</subfield>
   <subfield code="c">Nguyễn Gia Phu, Nguyễn Văn Ánh</subfield>
  </datafield>
  <datafield tag="774" ind1=" " ind2=" ">
   <subfield code="a">Nguyễn Gia Phu</subfield>
   <subfield code="b">Tái bản lần thứ 1</subfield>
   <subfield code="d">Giáo dục</subfield>
   <subfield code="d">H.</subfield>
   <subfield code="d">1997</subfield>
   <subfield code="g">T.1</subfield>
   <subfield code="h">244 tr.</subfield>
   <subfield code="t">Đại cương lịch sử thế giới trung đại</subfield>
   <subfield code="w">11839</subfield>
  </datafield>
  <datafield tag="OWN" ind1=" " ind2=" ">
   <subfield code="a">LSP</subfield>
  </datafield>
  <datafield tag="999" ind1=" " ind2=" ">
   <subfield code="a">From the UDN01</subfield>
  </datafield>
  <datafield tag="TYP" ind1=" " ind2=" ">
   <subfield code="a">Monograph</subfield>
  </datafield>
  <datafield tag="TYP" ind1=" " ind2=" ">
   <subfield code="a">Printed language</subfield>
  </datafield>
  <datafield tag="980" ind1=" " ind2=" ">
   <subfield code="a">Mạng thư viện Đại học Đà Nẵng</subfield>
  </datafield>
 </record>
</collection>
